02040nam a22001937a 4500952011600000999001700116008004100133020001800174050002500192110001300217245010900230250001900339260005100358300003700409505129700446519004301743650005301786942000701839 00104070a04b04d2013-07-22l17m1oC KGF3400 A28 2013p04 004246r2024-10-03s2017-09-13t1w2013-07-22yLB c90237d90237130722t20012013m A | |||| 00| 0 spa d a9786074064377 4aC KGF3400 bA28 2013 aMéxico aAgenda de salud 2013 b : compendio de leyes, reglamentos y otras disposiciones conexas sobre la materia a16a. edición aMéxico b : Ediciones Fiscales ISEFc , 2013 apaginación varia. c ; 20 cm. aLey General de Salud ; Reglamento General Interior de la Secretearía de Salud Reglamento de la Ley General de Salud en Materia de Investigación para la Salud Reglamento de la Ley General de Salud en Materia de Protección Social en Salud Reglamento de la Ley General de Salud en Materia de Publicidad Reglamento de la Ley General de Salud en Materia de Prestación de Servicios de Atención Médica Ley de Salud para el D.F. Ley General de Salud Reglamento de la Ley General de Salud en Materia de Control Sanitario de la Disposición de Órganos, Tejidos y Cadáveres de Seres Humanos Reglamento Interno del Consejo Nacional de Trasplantes Reglamento Interno de la Comisión Nacional de Arbitraje Médico Reglamento de Control Sanitario de Productos y Servicios Reglamento de Mercados Reglas para la operación y desarrollo del Ramo de Salud Ley de los Institutos de Salud Ley de Asistencia Social Ley de Bioseguridad de Organismos Genéticamente Modificados Ley General de control de tabaco ; Ley de Voluntad Anticipada para el D.F. Ley de Protección a la Salud de los No Fumadores en el D. F. Ley General de prestación de Servicios para la Atención, Cuidado y desarrollo Integral Infantil Decreto por el que se Establece el Sistema de cartillas Nacionales de Salud aMaterial Complementario /d(04 004246) 0aSALUD PÚBLICAzMÉXICOxLEYES Y LEGISLACIÓN cLB